000 00620nam a22002177a 4500
005 20240730140052.0
008 240725b |||||||| |||| 00| 0 eng d
020 _a9780199474295
_cRs.695.00
040 _aLoreto College
041 _aEnglish
082 _a305.5122
_bKOL
100 _aKolge, Nishikant
245 _aGandhi against caste
_cNishikant Kolge
260 _aNew Delhi
_bOxford University Press
_c2017
300 _a316p.
_b21cm.
504 _aIncludes index
650 _aCaste system
_zIndia
651 _aGandhi,Mohandas Karamchand-Philosophy, caste system
850 _aLCLIB
_bDLIT
942 _cBK
999 _c43828
_d94307